SCHAUM'S OUTLINES STATISTICS (Record no. 6276)

MARC details
000 -LEADER
fixed length control field 00349nam a2200157Ia 4500
003 - CONTROL NUMBER IDENTIFIER
control field SGT
020 ## - INTERNATIONAL STANDARD BOOK NUMBER
International Standard Book Number 9780070151536
082 ## - DEWEY DECIMAL CLASSIFICATION NUMBER
Classification number 519.5
Item number SPI
100 ## - MAIN ENTRY--PERSONAL NAME
Personal name SPIEGEL,MURRAY R
245 ## - TITLE STATEMENT
Title SCHAUM'S OUTLINES STATISTICS
250 ## - EDITION STATEMENT
Edition statement 4th Ed.
260 ## - PUBLICATION, DISTRIBUTION, ETC. (IMPRINT)
Name of publisher, distributor, etc TMH
Place of publication, distribution, etc N.Delhi
Year of Publication 2012
300 ## - PAGE DESCRIPTION
No. of Pages VPp.
650 ## - SUBJECT ADDED ENTRY--TOPICAL TERM
Topical term or geographic name as entry element MATHEMATICS, STATISTICS
942 ## - ADDED ENTRY ELEMENTS (KOHA)
Source of classification or shelving scheme Dewey Decimal Classification
Koha item type FCM Books
Holdings
Withdrawn status Lost status Source of classification or shelving scheme Damaged status Not for loan Collection code Home library Current library Shelving location Date acquired Vendor Name Cost, normal purchase price SGTU Bill Number Full call number Accession No. (Barcode) Date last seen Bill Date Koha item type
    Dewey Decimal Classification   Not For Loan COMMERCE MANAGEMENT SGT Science & Social Sciences Library SGT Science & Social Sciences Library Reference Book 04/07/2016 IBH 450.00 SGTU 8777 519.5 SPI CM41 04/07/2016 25/08/2013 FCM Books